书目信息 |
| 题名: |
连续出版物
|
|
| 作者: | 刘瑞兴 主编 | |
| 分册: | ||
| 出版信息: | 北京 中国统计出版社 1994.10 |
|
| 页数: | 410页 | |
| 开本: | 20cm | |
| 丛书名: | ||
| 单 册: | ||
| 中图分类: | G255.2 | |
| 科图分类: | ||
| 主题词: | 图书馆学 , 图书馆事业 | |
| 电子资源: | ||
| ISBN: | 7-5037-1704-1 | |
| 000 | 00564nam0 2200205 450 | |
| 001 | 0656690187 | |
| 005 | 20061028155108.62 | |
| 010 | @a7-5037-1704-1@dCNY23.00 | |
| 100 | @a20061028d1994 km y0chiy0120 ea | |
| 101 | 0 | @achi |
| 102 | @aCN@b110000 | |
| 200 | 1 | @a连续出版物@Alian xu chu ban wu@f刘瑞兴主编@Fliu rui xing zhu bian |
| 210 | @a北京@c中国统计出版社@d1994.10 | |
| 215 | @a410页@d20cm | |
| 606 | 0 | @a图书馆学 |
| 606 | 0 | @a图书馆事业 |
| 690 | @aG255.2@v3 | |
| 701 | 0 | @a刘瑞兴@Aliu rui xing@4主编 |
| 801 | 0 | @aCN@bPFT@c20061028 |
| 905 | @a10447@dG255.2@e16 | |
| 连续出版物/刘瑞兴主编.-北京:中国统计出版社,1994.10 |
| 410页;20cm |
| ISBN 7-5037-1704-1:CNY23.00 |
| ● |
| 相关链接 |
|
|
|
|
正题名:连续出版物
索取号:G255.2/16
 
预约/预借
| 序号 | 登录号 | 条形码 | 馆藏地/架位号 | 状态 | 备注 |
| 1 | 0262773 | 000214958 | 第一样本阅览室/ [索取号:G255.2/16] | 在馆 |